000 00707nam a2200217 4500
001 VA59642
003 ES-SlBCS
005 20211206011005.0
008 140520s1973 xxu||||| |||| 00| 0 fre d
041 _afre
100 1 _aGreisch, Jean
_95570
245 1 0 _aLa crise contemporaine
_b:Du modernisme a la crise des herméneutiques
_cJean Greisch; Karl Neufeld, Christoph Theobald, Charles Kannengiesser
260 _aParis :
_bBeauchesne
_c, 1973
300 _a192 p.;
_c21 cm
490 0 _aThéologie Historique
_v24
650 0 4 _aModernismo
_9159073
700 1 _aKannengiesser, Charles
_913429
700 1 _aTheobald, Christoph
_d(1946-....)
_910470
700 1 _aNeufeld, Karl H.
_9177723
942 _cBK
999 _c817881
_d817881